000 00844nam a2200217 a 4500
001 000041978
005 20201002035849.0
008 131030s2000 sp ad 000 0 spa d
020 _a8400079086
040 _aDO-SdBNP
_bspa
_cBNPHU
100 1 _aRoldán de Montaud, Inés
_968917
245 1 3 _aLa Restauración en Cuba :
_bel fracaso de un proceso reformista /
_cInés Roldán de Montaud.
260 _aMadrid :
_bConsejo Superior de Investigaciones Científicas,
_c2000.
300 _a667 p. : ;
_c24 cm.
490 1 _aTierra Nueva e Cielo Nuevo ;
_v40
500 _aIncluye índice
504 _aBibliografía : p. 629-654
504 _aIncluye referencias bibliográficas y notas al pie de las páginas
710 2 _aConsejo Superior de Investigaciones Científicas (España)
_915178
830 0 _aTierra Nueva e Cielo Nuevo ;
_v40
_915432
999 _c41467
_d41467